| 000 | 01136nam a2200337 i 4500 | ||
|---|---|---|---|
| 001 | bg | ||
| 003 | BPK | ||
| 005 | 20230220112833.0 | ||
| 008 | 990627s1999 pl a f f |000 0 pol | ||
| 015 | _aPB 1998/8052 | ||
| 020 | _a8370113214 | ||
| 040 |
_aWA N _cBPK |
||
| 080 | _a330.43 | ||
| 080 | _a519.86 | ||
| 080 | _a004.42 | ||
| 080 | _a(07) | ||
| 245 | 0 | 0 |
_aEkonometria : _bmetody i analiza problemów ekonomicznych / _cpod red. Krzysztofa Jajugi ; poszczeg. rozdz. napisali K. Jajuga [et al.]. |
| 260 |
_aWrocław : _bWydaw. Akademii Ekonomicznej im. Oskara Langego, _c1999. |
||
| 300 |
_a255 s. : _b1 mapa, wykr. ; _c24 cm. |
||
| 336 |
_2rdacontent _aTekst _btxt |
||
| 337 |
_2rdamedia _aBez urządzenia pośredniczącego _bn |
||
| 338 |
_2rdacarrier _aWolumin _bnc |
||
| 504 | _aBibliogr. przy rozdz. | ||
| 650 | 4 | _aArkusz kalkulacyjny | |
| 650 | 4 | _aEkonometria | |
| 650 | 4 | _aExcel | |
| 655 | 4 | _aPodręcznik | |
| 700 | 1 |
_aJajuga, Krzysztof _d(1956- ) _eRedakcja |
|
| 856 |
_uhttp://koha.tu.koszalin.pl/cgi-bin/koha/opac-detail.pl?biblionumber=38722 _yKatalog online BPK |
||
| 942 |
_2UKD _cKS |
||
| 999 |
_c38722 _d38722 |
||